Widok standardowy
Widok MARC
Pozycja Personal Name
Liczba rekordów, w których użyto hasła: 1
001 - Numer kontrolny
- control field: 38245
003 - Identyfikator numeru kontrolnego
- control field: NUKAT
005 - Data i czas ostatniej modyfikacji
- control field: 20260317132805.0
008 - Dane kontrolne kodowane (40 znaków)
- fixed length control field: 140403n||a|znnaabn |a aaa |c
010 ## - Numer kontrolny Biblioteki Kongresu
- numer kontrolny LC: n 2014169554
040 ## - Instytucja sporządzająca rekord
- inst. przygot. dane do rek. khw: TOR U/JSK
- język haseł przedmiotowych/tezaurus: kaba
- inst. wprow. rek. khw: TOR U/JSK
099 ## - Sygnatura lokalna
- sygnatura: n (hh)14JSK169
100 1# - Hasło - nazwa osobowa
- nazwa osobowa w formie ujednoliconej: Martyka, Kacper.
670 ## - Źródło informacji
- źródło informacji: Kp. Żelazne elementy broni drzewcowej z kolekcji wschodniopruskich w zbiorach Muzeum Warmii i Mazur w Olsztynie / Kacper Martyka. - Olsztyn, 2013.
670 ## - Źródło informacji
- źródło informacji: Strona intern. Uniwersytet Dzieci, 4.04.14
- adres internetowy: http://www.uniwersytetdzieci.pl/uds/lecturers/0/1247